Plánovanie materiálových potrieb výroby v krízových podmienkach
Kríza vo výrobných odvetviach Slovenskej republiky. Medziročné indexy tržieb a výkonov priemyselnej produkcie vybraných odvetví (2008-2011). Reakcia podnikov na krízové situácie. Prejavy krízy a riešenie dopadov krízy v podniku Automotiv, s.r.o., SR. Zásobovanie v kríze. Outsourcing niektorých činn...
Salvato in:
| Autore principale: | |
|---|---|
| Altri autori: | |
| Natura: | Capitolo di libro |
| Lingua: | slovacco |
| Soggetti: | |
| Tags: |
Nessun Tag, puoi essere il primo ad aggiungerne!!
|
MARC
| LEADER | 00000nla$a2200000$$$4500 | ||
|---|---|---|---|
| 001 | 0142421 | ||
| 005 | 20240502072543.1 | ||
| 041 | 0 | |a slo | |
| 044 | |a SK | ||
| 245 | 1 | 0 | |a Plánovanie materiálových potrieb výroby v krízových podmienkach |c Miroslav Grznár, Ľuboslav Szabo |
| 520 | |a Kríza vo výrobných odvetviach Slovenskej republiky. Medziročné indexy tržieb a výkonov priemyselnej produkcie vybraných odvetví (2008-2011). Reakcia podnikov na krízové situácie. Prejavy krízy a riešenie dopadov krízy v podniku Automotiv, s.r.o., SR. Zásobovanie v kríze. Outsourcing niektorých činností. Znovuzačlenenie (insourcing) niektorých činností. | ||
| 610 | 2 | 0 | |a kríza hospodárska |
| 610 | 2 | 0 | |a riadenie podnikové |
| 610 | 2 | 0 | |a výroba |
| 610 | 2 | 0 | |a materiál |
| 610 | 2 | 0 | |a zásobovanie |
| 610 | 2 | 0 | |a riadenie reťazcov dodávateľských |
| 610 | 2 | 0 | |a plánovanie |
| 610 | 2 | 0 | |a outsourcing |
| 610 | 2 | 0 | |a priemysel automobilový |
| 100 | 1 | |a Grznár, Miroslav | |
| 700 | 1 | |a Szabo, Ľuboslav | |